Famous Black People - Statistics

General Stats
  • This quiz has been taken 533 times
  • The average score is 13 of 32
Answer Stats
Picture Answer % Correct
Martin Luther King Jr
94%
Lebron James
92%
Serena Williams
83%
michelle obama
79%
Samuel L Jackson
77%
Nelson Mandela
74%
Oprah Winfrey
74%
Rosa Parks
70%
Morgan Freeman
66%
Lamar Jackson
61%
Donald Glover
53%
angel reese
51%
Idris Elba
47%
Noah Lyles
43%
Colin Kaepernick
38%
Whoopi Goldberg
37%
Queen Latifah
26%
Tyler Perry
23%
Halle Bailey
21%
Naomi Osaka
21%
Coco Gauff
19%
Sha'Carri Richardson
19%
A'ja Wilson
16%
Viola Davis
15%
Tracee Ellis Ross
13%
Angela Bassett
11%
Condoleezza Rice
10%
issa rae
9%
Maya Angelou
8%
Trinity Rodman
8%
Big Sexy
1%
Nicka
1%
No matching quizzes found
Score Distribution
Percent of People with Each Score
Percentile by Number Answered
Your Score History
You have not taken this quiz